000
00165nam a2200073Ia 4500
008
170620s9999 xx 000 0 und d
100
_a
Siddiquee-
245
0
_a
EDUCATION TECHNOLOGY -
260
_b
APH
999
_c
26131
_d
26131